| 000 | 00463nam a2200181 4500 | ||
|---|---|---|---|
| 001 | 19783 | ||
| 005 | 20230410105520.0 | ||
| 008 | 060907n2003 dr spa | ||
| 020 | _a2940063796 | ||
| 035 | _9funglode19934 | ||
| 041 | _aFR | ||
| 050 | 1 | 4 | _aHC 59.7 R896q 2003 |
| 100 | _aRubio, Francois | ||
| 245 | 1 | 2 |
_aA quoi servent les ONG / _cFrancois Rubio |
| 260 |
_aParis : _bLes Editions de l³Hebe, _c2003 |
||
| 300 | _a87 p. | ||
| 942 |
_2lcc _cbk |
||
| 999 |
_c38289 _d38289 |
||